000
00309nam a22001337a 4500
008
170303b xxu||||| |||| 00| 0 eng d
020
_a
072168808X
041
_a
eng
080
_a
616.073
100
_a
6
101
_a
SHM
245
_a
RADIOLOGIC DIAGNOSIS OF DISEASES OF THE CHEST
_c
MULLER
942
_2
udc
_c
BK
999
_c
6669
_d
6669